Quick Pick: 'Whose Line' Games (US) Quiz Stats

 Plays Quiz not verified by Sporcle

Challenge
Share
Tweet
Embed
Score 0/9 Timer 01:00
0 Plays Today
% Correct
Drinking
97.3%
Hat
94.3%
Titles
92.4%
Headed
91.7%
Worst
90.5%
People
81.4%
Vocabulary
80.3%
Newscasters
78.8%
Alphabet
71.6%

You're not logged in!

Compare scores with friends on all Sporcle quizzes.
Join for Free
OR
Log In

You Might Also Like...

Show Comments

Extras

Top Quizzes Today


Score Distribution

Your Account Isn't Verified!

In order to create a playlist on Sporcle, you need to verify the email address you used during registration. Go to your Sporcle Settings to finish the process.

Report this User

Report this user for behavior that violates our Community Guidelines.

Details: